| 000 | 00764nam a22002897b 4500 | ||
|---|---|---|---|
| 001 | 2268953 | ||
| 003 | DO-SdBNP | ||
| 005 | 20180202131248.0 | ||
| 007 | 2268953 | ||
| 008 | 071016s2007 sp | ||| ||spa | ||
| 015 | _a | ||
| 016 | 7 |
_a _2BPMSU |
|
| 017 |
_a _b |
||
| 020 | _a9788483430231 | ||
| 040 |
_a BPMSU _bspa _cBPMSU _e |
||
| 080 | 0 | _a | |
| 100 | 1 | _aFernández Gabaldón, Susana | |
| 245 | 1 | 0 |
_aMás allá de las tres dunas / _cSusana Fernández Gabaldón _h |
| 250 | _a 13a. ed. | ||
| 260 |
_a[Barcelona] : _bBambú, _c2007 |
||
| 300 |
_a218 p. ; _c21 cm |
||
| 490 | 1 |
_aGrandes lectores _v 5 |
|
| 830 | 0 |
_pGrandes lectores _v5 |
|
| 942 |
_2ddc _cBK |
||
| 945 | _aInventariado, 2018 /LP | ||
| 956 |
_a VMATEO _210 _320160329 _6BPMSU _80069 |
||
| 999 |
_c9416 _d9416 |
||